书目信息 |
| 题名: |
几种苯并咪唑类分子拉曼光谱的理论研究
|
|
| 作者: | 陈玉锋 , 汪洋 著 | |
| 分册: | ||
| 出版信息: | 西安 西安交通大学出版社 2017.06 |
|
| 页数: | 114页 | |
| 开本: | 24cm | |
| 丛书名: | ||
| 单 册: | ||
| 中图分类: | O626.23 | |
| 科图分类: | ||
| 主题词: | 苯并咪唑--拉曼光谱--研究 | |
| 电子资源: | ||
| ISBN: | 978-7-5605-9840-6 | |
| 000 | 01057nam0 2200229 450 | |
| 001 | 4923 | |
| 005 | 20181013153536.82 | |
| 010 | @a978-7-5605-9840-6@dCNY35.00 | |
| 100 | @a20171222d2017 em y0chiy50 ea | |
| 101 | 0 | @achi |
| 102 | @aCN@b610000 | |
| 105 | @aa z 000yy | |
| 200 | 1 | @a几种苯并咪唑类分子拉曼光谱的理论研究@9ji zhong ben bing mi zuo lei fen zi la man guang pu de li lun yan jiu@f陈玉锋,汪洋著 |
| 210 | @a西安@c西安交通大学出版社@d2017.06 | |
| 215 | @a114页@c图,彩照@d24cm | |
| 330 | @a本书首先介绍了拉曼光谱的基本原理、表面增强拉曼光谱的的增强机理及应用,以银溶胶组装的纳米银膜和盐酸羟胺还原法制备的银溶胶为表面增强拉曼散射活性的基底,测定了2-巯基苯并咪唑、5-氨基-2-巯基苯并咪唑和三环唑的SERS光谱,结合振动光谱实验与密度泛函理论计算对其进行了振动模的指认和归属,探讨了所研究的分子在SERS基底上可能的吸附方式。 | |
| 606 | 0 | @a苯并咪唑@x拉曼光谱@x研究 |
| 690 | @aO626.23@v5 | |
| 701 | 0 | @a陈玉锋@9chen yu feng@f(1980-)@4著 |
| 701 | 0 | @a汪洋@9wang yang@c(女,@f1989-)@4著 |
| 801 | 0 | @aCN@b91MARC@c20171222 |
| 905 | @aMuseLib@dO626.23@e8 | |
| 几种苯并咪唑类分子拉曼光谱的理论研究/陈玉锋,汪洋著.-西安:西安交通大学出版社,2017.06 |
| 114页:图,彩照;24cm |
| ISBN 978-7-5605-9840-6:CNY35.00 |
| 本书首先介绍了拉曼光谱的基本原理、表面增强拉曼光谱的的增强机理及应用,以银溶胶组装的纳米银膜和盐酸羟胺还原法制备的银溶胶为表面增强拉曼散射活性的基底,测定了2-巯基苯并咪唑、5-氨基-2-巯基苯并咪唑和三环唑的SERS光谱,结合振动光谱实验与密度泛函理论计算对其进行了振动模的指认和归属,探讨了所研究的分子在SERS基底上可能的吸附方式。 |
| ● |
| 相关链接 |
|
|
|
|
正题名:几种苯并咪唑类分子拉曼光谱的理论研究
索取号:O626.23/8
 
预约/预借
| 序号 | 登录号 | 条形码 | 馆藏地/架位号 | 状态 | 备注 |
| 1 | 1127267 | 211272674 | 第二样本阅览室/ [索取号:O626.23/8] | 在馆 | |
| 2 | 1127268 | 211272683 | 第三借阅区/ [索取号:O626.23/8] | 在馆 | |
| 3 | 1127269 | 211272692 | 第三借阅区/ [索取号:O626.23/8] | 在馆 | |
| 4 | 1127270 | 211272709 | 第三借阅区/ [索取号:O626.23/8] | 在馆 | |
| 5 | 1127271 | 211272718 | 化学系资料室/ [索取号:O626.23/8] | 在馆 |